Ortega, padre de la República, vuelve a la España franquista : (Record no. 196452)

MARC details
000 -LEADER
campo de control de longitud fija 01554nam a2200397 i 4500
001 - NÚMERO DE CONTROL
campo de control 196452
003 - IDENTIFICADOR DE NÚMERO DE CONTROL
campo de control ES-MaACL
005 - FECHA Y HORA DE LA ÚLTIMA TRANSACCIÓN
campo de control 20250904233818.0
007 - CAMPO FIJO DE DESCRIPCIÓN FÍSICA--INFORMACIÓN GENERAL
campo de control de longitud fija ta
008 - DATOS DE LONGITUD FIJA--INFORMACIÓN GENERAL
campo de control de longitud fija 240928s2006 sp a 000 0 spa d
017 ## - NÚMERO DE COPYRIGHT O DE DEPÓSITO LEGAL
Número de copyright o de depósito legal B 35574-2006
020 ## - NÚMERO INTERNACIONAL ESTÁNDAR DEL LIBRO
Número Internacional Estándar del Libro 8489192634
020 ## - NÚMERO INTERNACIONAL ESTÁNDAR DEL LIBRO
Número Internacional Estándar del Libro 8489192588 (
Información calificativa obra completa)
024 ## - IDENTIFICADOR DE OTROS ESTÁNDARES
Número estándar o código Rebiun21150360
040 ## - FUENTE DE CATALOGACIÓN
Centro catalogador/agencia de origen UCHELCHE-TGM / UCHCEU-PPP/ USPCEU-EVG
Lengua de catalogación spa
Centro/agencia transcriptor ES-MaACL
080 ## - NÚMERO DE LA CLASIFICACIÓN DECIMAL UNIVERSAL
Número de la Clasificación Decimal Universal 94(460).093
245 00 - MENCIÓN DEL TÍTULO
Título Ortega, padre de la República, vuelve a la España franquista :
Resto del título 1945 /
Mención de responsabilidad, etc. [coordinadores, Daniel Arjona y Silvia Fernández].
260 ## - PUBLICACIÓN, DISTRIBUCIÓN, ETC.
Lugar de publicación, distribución, etc. Madrid :
Nombre del editor, distribuidor, etc. Unidad Editorial,
Fecha de publicación, distribución, etc. D.L. 2006.
300 ## - DESCRIPCIÓN FÍSICA
Extensión 201 p. :
Otras características físicas il. ;
Dimensiones 25 cm
336 ## - TIPO DE CONTENIDO
Fuente rdacontent
Término de tipo de contenido texto
337 ## - TIPO DE MEDIO
Fuente rdamedia
Nombre/término del tipo de medio sin mediación
338 ## - TIPO DE SOPORTE
Fuente rdacarrier
Nombre/término del tipo de soporte volumen
490 1# - MENCIÓN DE SERIE
Mención de serie El Franquismo, año a año ;
Designación de volumen o secuencia 5
651 #4 - PUNTO DE ACCESO ADICIONAL DE MATERIA--NOMBRE GEOGRÁFICO
Nombre geográfico España-
Subdivisión general Historia-
Subdivisión cronológica 1939-1975, Francisco Franco
9 (RLIN) 238964
655 #7 - TERMINO DE INDIZACIÓN--GENERO/FORMA
Fuente del término tgfbne
Datos o término principal de género/forma Libros ilustrados
9 (RLIN) 193653
700 ## - ENTRADA AGREGADA--NOMBRE PERSONAL
Nombre de persona Rodríguez Bajón, Miguel Ángel,
Fechas asociadas al nombre 1964-
Término indicativo de función/relación Autor
9 (RLIN) 238960
700 1# - ENTRADA AGREGADA--NOMBRE PERSONAL
Nombre de persona Arjona, Daniel,
9 (RLIN) 238965
700 ## - ENTRADA AGREGADA--NOMBRE PERSONAL
Nombre de persona Fernández Campos, Silvia
9 (RLIN) 238966
830 #3 - PUNTO DE ACCESO ADICIONAL DE SERIE-TÍTULO UNIFORME
Título uniforme El franquismo, año a año
Designación de volumen o secuencia 5
9 (RLIN) 238963
852 ## - LOCALIZACIÓN
Ubicación ES-MaACL
Ubicación en estantería Depósito 1
Número de control de estantería A-15486
Donativo/Legado Donación: Fernando Codina Rodríguez
Encuadernación Encuadernación rústica con solapas
Nota libre En proceso
itemnumber 204153
903 ## - NOMBRE PERSONAL DE DONANTE
a Codina Rodríguez, Fernando
e Donante
9 238631
942 ## - ELEMENTOS DE ENTRADA SECUNDARIOS (KOHA)
Suprimir en OPAC No
Tipo de ítem Koha Libro impreso
Holdings
Estatus retirado Estado de pérdida Fuente del sistema de clasificación o colocación Estado de daño No para préstamo Biblioteca de origen Biblioteca actual Ubicación en estantería Fecha de adquisición Fuente de adquisición Total de préstamos Signatura topográfica completa Código de barras Visto por última vez Precio de reemplazo Tipo de ítem Koha
    Clasificación decimal universal     Biblioteca del Ateneo de Madrid Biblioteca del Ateneo de Madrid Depósito 1 28/09/2024 Donación   A-15486 101228976 28/09/2024 28/09/2024 Libro impreso